[Event "Panama op 3rd"]
[Site "Panama City"]
[Date "2013.11.02"]
[Round "3"]
[White "Madrigal, Mariano"]
[Black "Delgado Ramos, Hector"]
[Result "0-1"]
[WhiteElo "2152"]
[BlackElo "2460"]
[PlyCount "80"]
[EventDate "2013.10.30"]
[EventType "swiss"]
[EventRounds "9"]
[EventCountry "PAN"]
[SourceTitle "EXT 2014"]
[Source "ChessBase"]
[SourceDate "2013.11.20"]
[SourceVersion "1"]
[SourceVersionDate "2013.11.20"]
[SourceQuality "1"]

1. e4 c5 2. Nf3 g6 3. d4 cxd4 4. Nxd4 Bg7 5. c4 Nc6 6. Be3 Nf6 7. Nc3 d6 8. Be2 0-0 9. 0-0 Bd7 10. Rc1 Nxd4 11. Bxd4 Bc6 12. f3 Nd7 13. Bxg7 Kxg7 14. Qd4+ e5 15. Qe3 a5 16. Rfd1 Nc5 17. Rd2 Qc7 18. Nd5 Bxd5 19. cxd5 Rfc8 20. Bb5 Qd8 21. Kh1 Nxe4 22. Rdc2 Rxc2 23. Rxc2 Nc5 24. Qc3 Qh4 25. b3 Qb4 26. Qxb4 axb4 27. Kg1 f5 28. Kf2 Kf6 29. Ke3 f4+ 30. Kd2 Ra5 31. Bc4 Nd7 32. Bd3 Rc5 33. Rxc5 Nxc5 34. Bc2 h6 35. Ke1 g5 36. Ke2 e4 37. fxe4 g4 38. h3 h5 39. hxg4 hxg4 40. g3 fxg3 0-1

[Event "Panama op 3rd"]
[Site "Panama City"]
[Date "2013.11.02"]
[Round "4"]
[White "Nunez Gonzalez, Neeshmy"]
[Black "Madrigal, Mariano"]
[Result "0-1"]
[WhiteElo "1786"]
[BlackElo "2152"]
[PlyCount "56"]
[EventDate "2013.10.30"]
[EventType "swiss"]
[EventRounds "9"]
[EventCountry "PAN"]
[SourceTitle "EXT 2014"]
[Source "ChessBase"]
[SourceDate "2013.11.20"]
[SourceVersion "1"]
[SourceVersionDate "2013.11.20"]
[SourceQuality "1"]

1. d4 Nf6 2. Nf3 g6 3. Bg5 Ne4 4. Bf4 Bg7 5. e3 c5 6. c3 0-0 7. Bd3 d5 8. Nbd2 Nxd2 9. Qxd2 Nc6 10. h3 f6 11. e4 e5 12. dxe5 fxe5 13. Bg5 Qe8 14. Bb5 d4 15. 0-0 Bxh3 16. Nh2 Be6 17. Bh6 Rd8 18. Bxg7 Kxg7 19. cxd4 Rxd4 20. Qc2 a6 21. Bxc6 Qxc6 22. f3 Qd6 23. b3 Qd8 24. Rf2 b5 25. Nf1 c4 26. Ne3 Rd3 27. Nf1 cxb3 28. axb3 Bxb3 0-1

[Event "Panama op 3rd"]
[Site "Panama City"]
[Date "2013.10.31"]
[Round "2"]
[White "Flores Rojas, Federico"]
[Black "Madrigal, Mariano"]
[Result "0-1"]
[WhiteElo "1929"]
[BlackElo "2152"]
[PlyCount "87"]
[EventDate "2013.10.30"]
[EventType "swiss"]
[EventRounds "9"]
[EventCountry "PAN"]
[SourceTitle "EXT 2014"]
[Source "ChessBase"]
[SourceDate "2013.11.20"]
[SourceVersion "1"]
[SourceVersionDate "2013.11.20"]
[SourceQuality "1"]

1. d4 Nf6 2. c4 g6 3. Nc3 d5 4. Nf3 Bg7 5. Qb3 dxc4 6. Qxc4 0-0 7. e4 Nc6 8. h3 Nd7 9. Be3 Nb6 10. Qc5 Nd7 11. Qc4 Nb6 12. Qc5 e5 13. d5 Nb8 14. Rd1 N8d7 15. Qb4 c6 16. dxc6 bxc6 17. Bc4 Re8 18. Be2 Qf6 19. Rd6 Re6 20. Rxe6 Qxe6 21. Ng5 Qe8 22. Bc5 Bf8 23. Bxf8 Qxf8 24. Qxf8+ Nxf8 25. 0-0 f6 26. Nf3 Kf7 27. Rd1 Ke7 28. Ne1 Ne6 29. Nc2 Bb7 30. Bg4 Ng7 31. Ne3 h5 32. Be2 Ne6 33. Nc2 Rd8 34. Rxd8 Kxd8 35. b4 Ke7 36. h4 Kd6 37. f3 Nd4 38. Bd3 Bc8 39. a4 Be6 40. a5 Nc4 41. Kf2 f5 42. Na4 Nb3 43. Ne3 Nxe3 44. Kxe3 0-1

[Event "Panama op 3rd"]
[Site "Panama City"]
[Date "2013.10.30"]
[Round "1"]
[White "Madrigal, Mariano"]
[Black "Gonzalez Acosta, Bernal Manuel"]
[Result "1/2-1/2"]
[WhiteElo "2152"]
[BlackElo "2454"]
[PlyCount "51"]
[EventDate "2013.10.30"]
[EventType "swiss"]
[EventRounds "9"]
[EventCountry "PAN"]
[SourceTitle "EXT 2014"]
[Source "ChessBase"]
[SourceDate "2013.11.20"]
[SourceVersion "1"]
[SourceVersionDate "2013.11.20"]
[SourceQuality "1"]

1. e4 c5 2. Nf3 d6 3. Bb5+ Bd7 4. Bxd7+ Qxd7 5. 0-0 Nc6 6. Qe2 g6 7. Rd1 Bg7 8. c3 e5 9. Na3 Nge7 10. Nc2 d5 11. exd5 Qxd5 12. d4 cxd4 13. cxd4 Rd8 14. Ne3 Qe4 15. dxe5 0-0 16. Bd2 Nxe5 17. Nxe5 Bxe5 18. Qg4 Qxg4 19. Nxg4 Bxb2 20. Rab1 Bg7 21. Rxb7 Nf5 22. Rbb1 Rd4 23. Ne3 Rfd8 24. Ba5 Rc8 25. Nxf5 gxf5 26. Rxd4 1/2-1/2

[Event "Olympiad-40"]
[Site "Istanbul"]
[Date "2012.09.09"]
[Round "11.3"]
[White "Madrigal, Mariano"]
[Black "El Jawich, Amro"]
[Result "0-1"]
[WhiteElo "2155"]
[BlackElo "2166"]
[PlyCount "106"]
[EventDate "2012.08.28"]
[EventType "team-swiss"]
[EventRounds "11"]
[EventCountry "TUR"]
[SourceTitle "CBM 151"]
[Source "ChessBase"]
[SourceDate "2012.11.13"]
[SourceVersion "1"]
[SourceVersionDate "2012.11.13"]
[SourceQuality "1"]
[WhiteTeam "Nicaragua"]
[BlackTeam "Lebanon"]
[WhiteTeamCountry "NCA"]
[BlackTeamCountry "LBN"]

1. e4 c5 2. Nc3 a6 3. f4 e6 4. Nf3 d5 5. exd5 exd5 6. d4 Nf6 7. Be2 Nc6 8. Be3 c4 9. Ne5 Bb4 10. 0-0 Bxc3 11. bxc3 0-0 12. Bf3 Qa5 13. Qd2 Ne8 14. g4 Ne7 15. g5 Nd6 16. a4 Kh8 17. Kh1 f6 18. Ng4 Bxg4 19. Bxg4 Ne4 20. Qe1 f5 21. Bh5 g6 22. Bf3 Qxc3 23. Qxc3 Nxc3 24. Bd2 Ne4 25. Bb4 Rf7 26. Bxe4 dxe4 27. Rab1 Nd5 28. Bd6 b6 29. Rb2 Rd7 30. Be5+ Kg8 31. Kg1 c3 32. Rb3 Rc8 33. Kf2 Rc4 34. Ra1 Kf7 35. Ke2 Ke6 36. h4 Nb4 37. Rc1 a5 38. Kd1 Rb7 39. Ke2 Kd5 40. Ke3 Kc6 41. Ke2 Nd5 42. Ra1 b5 43. axb5+ Rxb5 44. Rxb5 Kxb5 45. h5 Rb4 46. hxg6 hxg6 47. Rh1 a4 48. Rh8 Rb2 49. Rb8+ Kc6 50. Rc8+ Kb7 51. Rc5 Rxc2+ 52. Kd1 Ne3+ 53. Ke1 a3 0-1

[Event "Olympiad-40"]
[Site "Istanbul"]
[Date "2012.09.04"]
[Round "7.3"]
[White "Madrigal, Mariano"]
[Black "Tate, Alan"]
[Result "0-1"]
[WhiteElo "2155"]
[BlackElo "2332"]
[PlyCount "72"]
[EventDate "2012.08.28"]
[EventType "team-swiss"]
[EventRounds "11"]
[EventCountry "TUR"]
[SourceTitle "CBM 151"]
[Source "ChessBase"]
[SourceDate "2012.11.13"]
[SourceVersion "1"]
[SourceVersionDate "2012.11.13"]
[SourceQuality "1"]
[WhiteTeam "Nicaragua"]
[BlackTeam "Scotland"]
[WhiteTeamCountry "NCA"]
[BlackTeamCountry "SCO"]

1. e4 c5 2. Nc3 Nc6 3. Bb5 Nd4 4. Bc4 e6 5. Nge2 Nf6 6. 0-0 a6 7. d3 b5 8. Bb3 Nc6 9. Bg5 Be7 10. Qe1 h6 11. Bh4 g5 12. Bg3 Qb6 13. f3 Bb7 14. a4 0-0-0 15. axb5 axb5 16. Kh1 h5 17. Bf2 g4 18. Bh4 gxf3 19. Rxf3 Ng4 20. Nf4 Bxh4 21. Qxh4 Nd4 22. Rff1 Rdg8 23. Rae1 d6 24. h3 Ne5 25. Nce2 Nxb3 26. cxb3 Kd7 27. b4 Qd8 28. Qf2 c4 29. d4 Ng4 30. hxg4 hxg4+ 31. Kg1 Bxe4 32. Nh5 f5 33. Nef4 g3 34. Nxg3 Qh4 35. Nh3 Rxg3 36. Rxe4 Qxh3 0-1

[Event "Olympiad-40"]
[Site "Istanbul"]
[Date "2012.08.29"]
[Round "2.2"]
[White "Madrigal, Mariano"]
[Black "Chavez, Ricardo Ernesto"]
[Result "1/2-1/2"]
[WhiteElo "2155"]
[BlackElo "2205"]
[PlyCount "65"]
[EventDate "2012.08.28"]
[EventType "team-swiss"]
[EventRounds "11"]
[EventCountry "TUR"]
[SourceTitle "CBM 151"]
[Source "ChessBase"]
[SourceDate "2012.11.13"]
[SourceVersion "1"]
[SourceVersionDate "2012.11.13"]
[SourceQuality "1"]
[WhiteTeam "Nicaragua"]
[BlackTeam "El Salvador"]
[WhiteTeamCountry "NCA"]
[BlackTeamCountry "ESA"]

1. e4 d6 2. d4 Nf6 3. Nc3 g6 4. f3 c6 5. a4 Bg7 6. Be3 a5 7. Qd2 0-0 8. Nge2 Na6 9. g4 Nb4 10. h4 e5 11. 0-0-0 exd4 12. Nxd4 d5 13. Nb3 Be6 14. Qh2 Nd7 15. g5 Re8 16. h5 Nf8 17. Kb1 b6 18. Be2 Ra7 19. f4 Rd7 20. Bd4 dxe4 21. Bxg7 Kxg7 22. hxg6 fxg6 23. Qh6+ Kh8 24. Nxe4 Bxb3 25. cxb3 Rxd1+ 26. Rxd1 Qe7 27. Bf3 Qf7 28. Nd6 Qxb3 29. Nxe8 Qc2+ 30. Ka1 Qxa4+ 31. Kb1 Qc2+ 32. Ka1 Qa4+ 33. Kb1 1/2-1/2

[Event "Olympiad-40"]
[Site "Istanbul"]
[Date "2012.08.28"]
[Round "1.3"]
[White "Madrigal, Mariano"]
[Black "Nguyen, Van Huy"]
[Result "1/2-1/2"]
[WhiteElo "2155"]
[BlackElo "2506"]
[PlyCount "87"]
[EventDate "2012.08.28"]
[EventType "team-swiss"]
[EventRounds "11"]
[EventCountry "TUR"]
[SourceTitle "CBM 151"]
[Source "ChessBase"]
[SourceDate "2012.11.13"]
[SourceVersion "1"]
[SourceVersionDate "2012.11.13"]
[SourceQuality "1"]
[WhiteTeam "Nicaragua"]
[BlackTeam "Vietnam"]
[WhiteTeamCountry "NCA"]
[BlackTeamCountry "VIE"]

1. e4 c5 2. Nc3 Nc6 3. Bb5 Nd4 4. Bc4 e6 5. Nge2 Nf6 6. d3 d5 7. Bb3 Nxb3 8. axb3 d4 9. Nb1 Be7 10. Nd2 0-0 11. 0-0 b5 12. f4 Ng4 13. Nf3 f5 14. e5 Bb7 15. Qe1 Qd5 16. h3 Nh6 17. Kh2 Nf7 18. Qf2 Nd8 19. Bd2 Nc6 20. Rg1 g6 21. Raf1 h5 22. Qg3 Kf7 23. Ng5+ Kg7 24. Qh4 Rh8 25. Rd1 Rae8 26. Nc1 a6 27. c4 dxc3 28. bxc3 Nd8 29. d4 c4 30. b4 Nf7 31. Ne2 Ra8 32. Ra1 Qd7 33. Ra2 Bd5 34. Rga1 Qb7 35. Qg3 Ra7 36. Ng1 Rha8 37. N1f3 Nxg5 38. Nxg5 Qc7 39. Ra5 Bd8 40. Nf3 Qb7 41. Ng5 Qd7 42. h4 Bc6 43. Kg1 Qd5 44. Qf3 1/2-1/2

[Event "NCA-ch"]
[Site "Managua"]
[Date "2012.03.25"]
[Round "11"]
[White "Madrigal, Mariano"]
[Black "Fonseca Cabrera, Ernesto Gregorio"]
[Result "1-0"]
[WhiteElo "2070"]
[BlackElo "2200"]
[PlyCount "52"]
[EventDate "2012.03.03"]
[EventType "tourn"]
[EventRounds "11"]
[EventCountry "NCA"]
[SourceTitle "EXT 2013"]
[Source "ChessBase"]
[SourceDate "2012.11.22"]
[SourceVersion "1"]
[SourceVersionDate "2012.11.22"]
[SourceQuality "1"]

1. e4 c6 2. d4 d5 3. exd5 cxd5 4. Bd3 Nc6 5. c3 Nf6 6. Bf4 g6 7. Nd2 Bg7 8. Ngf3 0-0 9. h3 h6 10. 0-0 Be6 11. Re1 Qd7 12. Nb3 Bf5 13. Ne5 Nxe5 14. dxe5 Nh7 15. Nd4 Bxd3 16. Qxd3 e6 17. Qd2 h5 18. g4 hxg4 19. hxg4 Rfb8 20. Kg2 Qc7 21. Qe3 b5 22. Rh1 Nf8 23. Rh3 b4 24. Rah1 bxc3 25. Bg5 Qxe5 26. Nc6 Qc7 1-0